000 00994cam a22002773a 4500
001 20380
003 PGUSA
005 20140828083430.0
008 070115s2007||||xxu|||||s|||||000 1 eng d
040 _aPGUSA
_beng
042 _adc
050 4 _aPQ
100 1 _aCoppée, François,
_d1842-1908
245 1 0 _aTen Tales
_h[electronic resource] /
_cFrançois Coppée
260 _bProject Gutenberg,
_c2007
505 0 _aThe captain's vices -- Two clowns -- A voluntary death -- A dramatic funeral -- The substitute -- At table -- An accident -- The sabots of little Wolff -- The foster sister -- My friend Meurtrier.
506 _aPublic domain in the USA.
516 _aElectronic text
653 _aFrance -- Social life and customs -- Fiction
700 1 _aLearned, Walter,
_d1847-1915
700 1 _aSterner, Albert,
_d1863-1946
700 1 _aMatthews, Brander,
_d1852-1929
830 0 _aProject Gutenberg
_v20380
856 4 0 _uhttp://www.gutenberg.org/ebooks/20380
942 _cEB
999 _c249635
_d249635